00987nam a2200289 a 4500001001000000003000900010005001700019008004100036020001500077040002500092049000900117082001900126100002400145245007300169260003000242300002300272500003200295505007900327650002400406650003400430650002900464700002900493700002400522942001400546952012000560999001700680000021524DO-SdBNP20250603120043.0100908s1985 sp a r 000 0 spa d a8432953032 aDO-SdBNPbspacBNPHU aBNGR 4a657bA487t2221 aAmat, Jaume,94486410aTratado de contabilidad /cJaume Amat, Fernando Maruny e Isabel Tur. aBarcelona :bCEAC,c1985. av :bil. ;c27 cm. aLa biblioteca posee el v. 31 gv. 3tEconomía, cálculo y estadística, derecho mercantil, impuestos. 0aContabilidad 95846 4aAnálisis económico930623 0aDerecho mercantil9448651 aMaruny, Fernando,9448661 aTur, Isabel,944867 2ddccLBS1 001052708MOaGRbGRcCTd2010-09-08iLF1l0ov. 3, e. 1p21524-10r2020-06-25w2020-06-25y2ZPréstamo interno c21024d21024